书目信息 |
| 题名: |
治字百方
|
|
| 作者: | 左佐 编著 | |
| 分册: | ||
| 出版信息: | 北京 电子工业出版社 2019.4 |
|
| 页数: | 222页 | |
| 开本: | 29cm | |
| 丛书名: | ||
| 单 册: | ||
| 中图分类: | J292.13 , J293 | |
| 科图分类: | ||
| 主题词: | 美术字--字体--设计 | |
| 电子资源: | ||
| ISBN: | 978-7-121-30055-4 | |
| 000 | 01272nam0 2200289 45 | |
| 001 | 012001000925 | |
| 005 | 20130910093341.0 | |
| 010 | @a978-7-121-30055-4@b精装@dCNY79.80 | |
| 099 | @aCAL 012016140845 | |
| 100 | @a20161115d2016 em y0chiy0110 ea | |
| 101 | 0 | @achi |
| 102 | @aCN@b110000 | |
| 105 | @aa z 000yy | |
| 106 | @ar | |
| 200 | 1 | @a治字百方@Azhi zi bai fang@f左佐编著 |
| 210 | @a北京@c电子工业出版社@d2019.4 | |
| 215 | @a222页@c图 (部分彩图)@d29cm | |
| 300 | @a并列题名:thoughts on typography and logotype | |
| 312 | @a英文题名出自封面 | |
| 330 | @a本书分三部分,一是知识,是那些问而不详则枉称字型设计师的事情;二是方法论,工作室看待问题解决问题的方式;三是成功的商业委托,非练习。失去商业模式,设计毫无意义,也可以说就不存在设计。常说设计是解决问题,但解决什么问题呢?以所接委托的经验,设计是解决三个人的品位问题。一个是设计师;一个是委托人;另一个是把品牌看作一个人的品牌人。无论美学、营销学、心理学、经济学,等等,都是围绕这三个人的品位。所以本书整体的概念即是关于工作室解决此三人品位的方法论。 | |
| 510 | 1 | @athoughts on typography and logotype@zeng |
| 606 | 0 | @a美术字@x字体@x设计 |
| 690 | @aJ292.13@v5 | |
| 690 | @aJ293@v5 | |
| 701 | 0 | @a左佐@Azuo zuo@4编著 |
| 801 | @aCN@b江苏凤凰@c20211018 | |
| 905 | @b1341544-6@dJ292.13@e690@f3 | |
| 治字百方/左佐编著.-北京:电子工业出版社,2019.4 |
| 222页:图 (部分彩图);29cm |
| 并列题名:thoughts on typography and logotype |
| ISBN 978-7-121-30055-4(精装):CNY79.80 |
| 本书分三部分,一是知识,是那些问而不详则枉称字型设计师的事情;二是方法论,工作室看待问题解决问题的方式;三是成功的商业委托,非练习。失去商业模式,设计毫无意义,也可以说就不存在设计。常说设计是解决问题,但解决什么问题呢?以所接委托的经验,设计是解决三个人的品位问题。一个是设计师;一个是委托人;另一个是把品牌看作一个人的品牌人。无论美学、营销学、心理学、经济学,等等,都是围绕这三个人的品位。所以本书整体的概念即是关于工作室解决此三人品位的方法论。 |
| ● |
| 相关链接 |
|
|
|
|
正题名:治字百方
索取号:J292.13/690
 
预约/预借
| 序号 | 登录号 | 条形码 | 馆藏地/架位号 | 状态 | 备注 |
| 1 | 1341544 | 213415446 | 第一样本阅览室/ [索取号:J292.13/690] | 在馆 | |
| 2 | 1341545 | 213415455 | 第一借阅区/ [索取号:J292.13/690] | 在馆 | |
| 3 | 1341546 | 213415464 | 第一借阅区/ [索取号:J292.13/690] | 在馆 |